| 000 | 00335 a2200097 4500 | ||
|---|---|---|---|
| 245 | 0 | 0 |
_aLampy elektronowe - Gazotrony i tyratrony Wymagania i badania PN-68/T-06442 / _cMin. Przem. Maszynowego. |
| 246 | 1 | 3 | _aPN-68/T-06442 |
| 246 | 1 | 3 | _a621.387.122/.132 |
| 260 |
_aWarszawa : _bMin. Przem. Maszynowego, _c1968. |
||
| 300 |
_a8 stron ; _c30 cm. |
||
| 650 | _aPolska norma | ||
| 999 |
_c20654 _d20654 |
||